Lekárenská pohotovostná služba - čo priniesla novela zákona v praxi?

Zhodnotenie efektivity práce farmaceutov v rámci lekárenskej pohotovostnej služby (LPS) po legislatívnej úprave zákona č. 362/2011 Z.z., účinnej od 15. júna 2018. Výsledky prieskumu ukázali, že vzhľadom na umiestnenie ambulantnej pohotovostnej služby sa niektoré lekárne poskytujúce LPS stali nedostu...

Full description

Saved in:
Bibliographic Details
Main Author: Snopková, Miroslava
Other Authors: Sukeľ, Ondrej, Tesař, Tomáš, Lábaj, Martin, 1982-
Format: Book Chapter
Language:Slovak
Subjects:
Tags: Add Tag
No Tags, Be the first to tag this record!

MARC

LEADER 00000naa a2200000 4500
001 0262829
005 20240502074157.2
041 0 |a slo 
044 |a SK 
245 1 0 |a Lekárenská pohotovostná služba - čo priniesla novela zákona v praxi?  |c Miroslava Snopková, Ondrej Sukeľ, Tomáš Tesař, Martin Lábaj 
520 |a Zhodnotenie efektivity práce farmaceutov v rámci lekárenskej pohotovostnej služby (LPS) po legislatívnej úprave zákona č. 362/2011 Z.z., účinnej od 15. júna 2018. Výsledky prieskumu ukázali, že vzhľadom na umiestnenie ambulantnej pohotovostnej služby sa niektoré lekárne poskytujúce LPS stali nedostupnými pre pacientov. Predpoklad zhoršovania ekonomickej kondície lekární. 
610 2 0 |a lekárne 
610 2 0 |a novelizácia 
610 2 0 |a zákony 
610 2 0 |a starostlivosť zdravotná 
610 2 0 |a dotazníky 
610 2 0 |a vyššie územné celky 
100 1 |a Snopková, Miroslava 
700 1 |a Sukeľ, Ondrej 
700 1 |a Tesař, Tomáš 
700 1 |a Lábaj, Martin, 1982-